Manchester-Based Bands (Sudden Death) - Statistics

General Stats
  • This quiz has been taken 5 times
  • The average score is 5 of 16
Answers on the Grid
Answers color-coded by a green-red scale on the quiz's grid according to % correct below.
The Stone Roses
Oasis
Blur
The Charlatans
Pulp
Joy Division
New Order
Elastica
Happy Mondays
Echo and the Bunnymen
Arctic Monkeys
The Fall
Black Grape
Primal Scream
Sex Pistols
The Smiths
The Verve
James
The Clash
New Fast Automatic Daffodils
Buzzcocks
David Bowie
The Beatles
808 State
The Psychedelic Furs
Inspiral Carpets
The Cure
Yes
Ocean Colour Scene
The Seahorses
The Chameleons
Cabaret Voltaire
 
Answer Stats
Answer % Correct
Oasis
100%
The Stone Roses
100%
Joy Division
75%
Happy Mondays
50%
New Order
50%
Buzzcocks
25%
Inspiral Carpets
25%
The Smiths
25%
808 State
0%
Black Grape
0%
James
0%
New Fast Automatic Daffodils
0%
The Chameleons
0%
The Fall
0%
The Seahorses
0%
The Verve
0%
No matching quizzes found
Score Distribution
Percent of People with Each Score
Percentile by Number Answered
Your Score History
You have not taken this quiz